[Event "NOR-ch"]
[Site "Larvik"]
[Date "2019.07.07"]
[Round "3"]
[White "Haug, Johannes"]
[Black "Mikalsen, Erlend"]
[Result "1/2-1/2"]
[WhiteElo "2431"]
[BlackElo "2404"]
[PlyCount "50"]
[EventDate "2019.07.05"]
[EventType "swiss"]
[EventRounds "9"]
[EventCountry "NOR"]
[SourceTitle "CBM 191 Extra"]
[Source "ChessBase"]
[SourceDate "2019.09.30"]
[SourceVersion "1"]
[SourceVersionDate "2019.09.30"]
[SourceQuality "1"]

1. e4 c5 2. Nf3 d6 3. Bb5+ Nd7 4. c3 Ngf6 5. Qe2 a6 6. Ba4 b5 7. Bc2 Bb7 8. d4 e6 9. a4 b4 10. a5 bxc3 11. bxc3 Qc7 12. 0-0 Be7 13. Bf4 Nh5 14. Be3 Nhf6 15. Bf4 Nh5 16. Bc1 Nhf6 17. Bd3 0-0 18. Nbd2 Rfe8 19. Re1 Nf8 20. Nf1 Ng6 21. Ng3 Bf8 22. Bg5 Nd7 23. Be3 Nf6 24. Bg5 Nd7 25. Be3 Nf6 1/2-1/2

[Event "Forni di Sopra op 10th"]
[Site "Forni di Sopra"]
[Date "2019.06.20"]
[Round "7"]
[White "Sarkar, Justin"]
[Black "Haug, Johannes"]
[Result "1-0"]
[WhiteElo "2359"]
[BlackElo "2438"]
[PlyCount "87"]
[EventDate "2019.06.15"]
[EventType "swiss"]
[EventRounds "9"]
[EventCountry "ITA"]
[SourceTitle "CBM 191 Extra"]
[Source "ChessBase"]
[SourceDate "2019.09.30"]
[SourceVersion "1"]
[SourceVersionDate "2019.09.30"]
[SourceQuality "1"]

1. c4 Nf6 2. Nc3 e6 3. e4 d5 4. e5 d4 5. exf6 dxc3 6. bxc3 Qxf6 7. Nf3 e5 8. Bd3 Nc6 9. 0-0 Bd6 10. Rb1 0-0 11. Qc2 g6 12. Be4 Bf5 13. Bxf5 gxf5 14. d4 e4 15. Ng5 h6 16. Nh3 b6 17. f3 exf3 18. Rxf3 Ne7 19. Nf4 c5 20. d5 Ng6 21. Bd2 Bxf4 22. Bxf4 Kg7 23. Bc7 Qe7 24. d6 Qe4 25. Qxe4 fxe4 26. Rf5 f6 27. d7 Ne5 28. Rxe5 fxe5 29. Rf1 Rfd8 30. Bxd8 Rxd8 31. Rd1 Kf6 32. Kf2 Ke6 33. Ke3 Rxd7 34. Rxd7 Kxd7 35. Kxe4 Ke6 36. g4 a6 37. a4 Kf6 38. h4 Ke6 39. g5 h5 40. g6 Kf6 41. g7 Kxg7 42. Kxe5 Kg6 43. Ke6 a5 44. Ke5 1-0